000 00493nam a2200145 4500
999 _c10326
_d10326
008 180822b ||||| |||| 00| 0 eng d
022 _a2094-8042
082 _aDPer 370.105 M72 Jan-Dec 2011 v59-60
100 _930434
_aGabat, Benita Tumapang
245 _aZero waste management/
_cBenita Tumapang Gabat.
260 _aPhilippines:
_bIn the Grade School, Inc.,
_cc2011.
300 _av60 n2, pages 57-58:
_billustrations;
_c27cm.
650 0 _930435
_aManagement
_xWaste.
942 _2ddc
_cPER